Paesi nominati nella pagina Wikipedia della Serbia - Statistics

Statistiche generali
  • Questo quiz è stato fatto 38 volte
  • Il punteggio medio è 19 su 21
Statistiche sulle risposte
Volte in cui viene nominato Indizio (basato sul motivo per cui lo stato viene nominato nella pagina Wikipedia) Paese % Corretto
3 Paese confinante Bulgaria
100%
7 Paese confinante Croazia
100%
2 Alleato della Serbia durante la prima guerra mondiale Italia
100%
1 Paese confinante Romania
100%
2 Paese con cui la Serbia ha una forte rivalità, dovuta soprattutto alla questione dell'indipendenza di uno dei paesi nominati sopra Albania
97%
5 Principale nemico della Serbia durante la prima guerra mondiale Austria
97%
1 Alleato della Serbia durante la prima guerra mondiale Francia
97%
10 Paese confinante Kosovo
97%
9 Paese confinante Montenegro
97%
1 Stato che fece parte della Jugoslavia Slovenia
97%
2 Paese che invase la Jugoslavia durante la seconda guerra mondiale Germania
94%
2 Paese confinante Ungheria
94%
6 Paese confinante Bosnia ed Erzegovina
92%
3 Paese confinante Macedonia del Nord
92%
1 Alleato della Serbia durante la prima guerra mondiale Regno Unito
92%
3 Tradizionale alleato della Serbia Russia
92%
1 Paese che ha di recente investito in Serbia Grecia
89%
1 La Serbia è il secondo produttore mondiale di prugne, alle spalle di questo paese Cina
83%
1 Paese a lungo nemico della Serbia, che vi fu a lungo sottoposta Turchia
81%
1 La Serbia è il terzo produttore mondiale di lamponi, alle spalle di questo paese Polonia
72%
1 Paese d'origine della comunità ebraica sefardita che per secoli ha vissuto in Serbia Spagna
67%
Nessun quiz corrispondente trovato
Distribuzione punteggi
Percentuale di utenti per punteggio
Percentile per numero di risposta
I tuoi punteggi nel tempo
Non hai fatto questo quiz